000 00472nam a2200169Ia 4500
008 220216s9999 xx 000 0 und d
100 _aJose V.T.
245 0 _aPreliminary studies on the preservation of rubber wood by diffusion treatment
260 _bRubber Board Bulletin
_c1989
300 _a16-Nov
650 _aDiffusion
650 _aRubber wood preservation
700 _aJayarathnam K.
700 _aNehru C.R.
700 _aRajalakshmy V.K.
942 _cBS
999 _c50136
_d50136